000
00267nam a2200109Ia 4500
001
1275910
005
20260417160437.0
008
260417s9999 xx 000 0 und d
020
_a
9786256910119
245
0
_a
Hayao Miyazaki
_c
Beliz Yüksel
260
_b
Ketebe Çocuk
999
_c
1275910
_d
1275910